Domestiquer l'effet de serre (notice n° 1553339)
[ vue normale ]
| 000 -LEADER | |
|---|---|
| fixed length control field | 01541cam a2200277zu 4500 |
| 003 - CONTROL NUMBER IDENTIFIER | |
| control field | FRCYB45001649 |
| 005 - DATE AND TIME OF LATEST TRANSACTION | |
| control field | 20251020123205.0 |
| 008 - FIXED-LENGTH DATA ELEMENTS--GENERAL INFORMATION | |
| fixed length control field | 251020s2005 fr | o|||||0|0|||fre d |
| 020 ## - INTERNATIONAL STANDARD BOOK NUMBER | |
| International Standard Book Number | 9782100487547 |
| 035 ## - SYSTEM CONTROL NUMBER | |
| System control number | FRCYB45001649 |
| 040 ## - CATALOGING SOURCE | |
| Original cataloging agency | FR-PaCSA |
| Language of cataloging | fr |
| Transcribing agency | |
| Description conventions | rda |
| 100 1# - MAIN ENTRY--PERSONAL NAME | |
| Personal name | Meunier, Francis |
| 245 01 - TITLE STATEMENT | |
| Title | Domestiquer l'effet de serre |
| Remainder of title | Energies et développement durable |
| Statement of responsibility, etc. | ['Meunier, Francis'] |
| 264 #1 - PRODUCTION, PUBLICATION, DISTRIBUTION, MANUFACTURE, AND COPYRIGHT NOTICE | |
| Name of producer, publisher, distributor, manufacturer | Dunod |
| Date of production, publication, distribution, manufacture, or copyright notice | 2005 |
| 300 ## - PHYSICAL DESCRIPTION | |
| Extent | p. |
| 336 ## - CONTENT TYPE | |
| Content type code | txt |
| Source | rdacontent |
| 337 ## - MEDIA TYPE | |
| Media type code | c |
| Source | rdamdedia |
| 338 ## - CARRIER TYPE | |
| Carrier type code | c |
| Source | rdacarrier |
| 520 ## - SUMMARY, ETC. | |
| Summary, etc. | L'effet de serre, contrairement aux idées reçues, est avant tout un phénomène naturel positif, puisqu'il permet à notre planète d'avoir une température moyenne de +15 °C au lieu de -20 °C. C'est son augmentation, due aux rejets de gaz incontrôlés, qui pose problème et qu'il nous faut apprendre à maîtriser. Cet ouvrage se propose de faire le tour du sujet, en s'attachant non pas à décrire la situation actuelle (les "effets" sur le climat) mais à en expliciter scientifiquement les "causes" (utilisation massive des énergies fossiles), pour ensuite proposer des solutions techniques et des pistes de réflexion pour demain afin de conjuguer sur le plan de l'énergie société industrialisée et équilibre environnemental. |
| 650 #0 - SUBJECT ADDED ENTRY--TOPICAL TERM | |
| Topical term or geographic name entry element | |
| 700 0# - ADDED ENTRY--PERSONAL NAME | |
| Personal name | Meunier, Francis |
| 856 40 - ELECTRONIC LOCATION AND ACCESS | |
| Access method | Cyberlibris |
| Uniform Resource Identifier | <a href="https://international.scholarvox.com/netsen/book/45001649">https://international.scholarvox.com/netsen/book/45001649</a> |
| Electronic format type | text/html |
| Host name | |
Pas d'exemplaire disponible.




Réseaux sociaux